Normal view MARC view

Entry Topical Term

Number of records used in: 3

001 - CONTROL NUMBER

  • control field: 57386

003 - CONTROL NUMBER IDENTIFIER

  • control field: OSt

005 - DATE AND TIME OF LATEST TRANSACTION

  • control field: 20250206150242.0

008 - FIXED-LENGTH DATA ELEMENTS

  • fixed length control field: 250206|| aca||aabn | a|a d

040 ## - CATALOGING SOURCE

  • Original cataloging agency: OSt
  • Transcribing agency: OSt

150 ## - HEADING--TOPICAL TERM

  • Topical term or geographic name entry element: ဗုဒ္ဓဘာသာရဟန်းတော်များ
  • General subdivision: ထေရုပ္ပတ္တိ။

670 ## - SOURCE DATA FOUND

  • Source citation: Work cat.: (OSt)40932: သိန်း၊ ဆရာ ၊မှော်ဘီ။, ဘွဲ့တံဆိပ်တော်ရ ဆရာတော်များနှင့် ရှေးနှောင်းထင်ပေါ် ဆရာတော် (၁၀၅) ပါးတို့၏ အတ္ထုပ္ပတ္တိအကျဉ်း /, ၂၀၀၉။

Library - 09407999929
Admin Office - 09407999979
Dean Office - 09250910768
Registrar Office - 09892297154
Email - [email protected]
Shan State Buddhist University, Phaya Phyu Taunggyi, Shan State, Myanmar.